Statistics for English Speaking Countries

Click here to take the quiz!

General Stats

  • This quiz has been taken 46 times
  • The average score is 46 of 74

Answer Stats

Answer% Correct
United Kingdom
100%
United States
100%
Canada
97%
Australia
94%
Ireland
89%
New Zealand
89%
South Africa
86%
Antigua
78%
Bahamas
78%
Fiji
78%
India
78%
Nigeria
78%
Saint Kitts and Nevis
78%
Singapore
78%
Tuvalu
78%
Barbados
75%
Marshall Islands
75%
Saint Lucia
75%
Saint Vincent and the Grenadines
75%
Trinidad and Tobago
75%
Grenada
72%
Samoa
72%
Tonga
72%
Jamaica
69%
Micronesia
69%
Belize
67%
Ghana
67%
Kenya
67%
Nauru
67%
Pakistan
67%
Palau
67%
Seychelles
67%
Solomon Islands
67%
Vanuatu
67%
Dominica
64%
Kiribati
64%
Lesotho
64%
Zimbabwe
64%
Eswatini
61%
Ethiopia
61%
Guyana
61%
Tanzania
61%
Uganda
61%
Malta
58%
Mauritius
58%
Namibia
58%
Zambia
58%
Bangladesh
56%
Sudan
56%
Botswana
53%
Gambia
53%
Liberia
53%
South Sudan
53%
Malawi
50%
Malaysia
50%
Rwanda
50%
Sri Lanka
47%
Cameroon
44%
Cyprus
44%
Eritrea
44%
Israel
44%
Nepal
44%
Sierra Leone
44%
Maldives
42%
Philippines
42%
United Arab Emirates
42%
Brunei
39%
Burundi
39%
Papua New Guinea
39%
Bahrain
36%
Kuwait
33%
Qatar
33%
Jordan
31%
Myanmar
28%

Score Distribution

Percentile by Number Answered

Percent of People with Each Score

Your Score History

You have not taken this quiz